William petty and the ambitions of political arithmetic (Record no. 96680)

MARC details
000 -LEADER
fixed length control field 00778nam a2200229Ia 4500
008 - FIXED-LENGTH DATA ELEMENTS--GENERAL INFORMATION
fixed length control field 191130s2009##################000#0#eng##
020 ## - INTERNATIONAL STANDARD BOOK NUMBER
ISBN 9780199547890
082 ## - DEWEY DECIMAL CLASSIFICATION NUMBER
Classification number 330.153092 MCC
100 ## - MAIN ENTRY--AUTHOR NAME
Personal name McCormick, Ted
245 ## - TITLE STATEMENT
Title William petty and the ambitions of political arithmetic
Statement of responsibility, etc Ted McCormick
260 ## - PUBLICATION, DISTRIBUTION, ETC. (IMPRINT)
Place of publication Oxford
Name of publisher Oxford University Press
Year of publication 2009
300 ## - PHYSICAL DESCRIPTION
Number of Pages xv, 347 p. : ill. ; 25 cm
500 ## - GENERAL NOTE
General note Includes bibliographical references and index
650 ## - SUBJECT ADDED ENTRY--TOPICAL TERM
Topical Term Economics - Political aspects - History - 17th century
Topical Term Great Britain - Politics and government - 1603-1714
Topical Term Petty, William, Sir, 1623-1687
991 ## -
-- 186771
Holdings
Withdrawn status Lost status Damaged status Not for loan Home library Current library Shelving location Date acquired Full call number Accession Number Price effective from Koha item type
        Anna Centenary Library Anna Centenary Library 3RD FLOOR, B WING 09.10.2020 330.153092 MCC 286921 09.10.2020 English Books

Find us on the map